Έκθεση εργασιών. Αγροτική Τράπεζα Ελλάδος

Αποθηκεύτηκε σε:
Λεπτομέρειες βιβλιογραφικής εγγραφής
Συγγραφή απο Οργανισμό/Αρχή: Αγροτική Τράπεζα της Ελλάδος
Μορφή: Περιοδική έκδοση
Γλώσσα:Greek
Δημοσίευση: [χ.τ.] : Αγροτική Τράπεζα Ελλάδος, [19--]-
Θέματα:
Ετικέτες: Προσθήκη ετικέτας
Δεν υπάρχουν, Καταχωρήστε ετικέτα πρώτοι!

MARC

LEADER 00000nas a2200000 i 4500
001 1/62084
008 041004c19 9999gr gre
035 |l 10074588  
040 |a GR-MY-UA  |b gre  |e aacr 
041 0 |a gre 
082 0 |a 332.109495  
110 2 |a Αγροτική Τράπεζα της Ελλάδος. 
245 1 0 |a Έκθεση εργασιών. Αγροτική Τράπεζα Ελλάδος   |h [περιοδικό] /   |c Αγροτική Τράπεζα Ελλάδος.  
260 |a [χ.τ.] :   |b Αγροτική Τράπεζα Ελλάδος,   |c [19--]-  
300 |a τ. :   |b πίν., διαγρ., εικ. ;   |c 28 εκ.  
310 |a Ετήσιο  
500 |a Υπάρχει αντίστοιχη έκδοση στα Αγγλικά  
650 0 0 |a Banks and banking  |x Statistics  |x Periodicals  |z Greece. 
650 0 0 |a Economics  |z Greece  |x Statistics  |x Periodicals. 
853 |a INST  |b CHIOS  |c SER  |h 332.109495 
901 |a BIBL2-2004-3  
920 |a ΑΓΡΟΤΙΚΗ ΤΡΑΠΕΖΑ ΤΗΣ ΕΛΛΑΔΟΣ  |y ΧΙΟΣ  |z 2000-02 
970 |a ΠΟΥΛΑΚΗ  |b ΠΑΝΩΡΑΙΑ  |z (2004/10/04)